| 000 | 00352nam a22001217a 4500 | ||
|---|---|---|---|
| 082 |
_a297.1227 _bALI _cM |
||
| 100 |
_aAli, Mulana Hussain _951061 |
||
| 245 |
_aاحسن التفسیر _bتفسیر بے نظیر |
||
| 260 |
_aPeshawar, _bIshaat Academy, _c2000. |
||
| 300 |
_a304p. _c22cm. |
||
| 526 |
_a0 _b0 _c0 _d297_122700000000000_ALI |
||
| 942 |
_2ddc _cBK |
||
| 999 |
_c553804 _d553804 |
||